| 000 | 00000nam##2200000za#4500 |
| 001 | 9.587685 |
| 003 | CaOODSP |
| 005 | 20210624194743 |
| 007 | cr ||||||||||| |
| 008 | 150406|2007||||xxc|||||o f|0| 0 eng|d |
| 022 | |a1701-1280 |
| 040 | |aCaOODSP|beng |
| 041 | |aeng |
| 041 | |afre |
| 043 | |an-cn--- |
| 086 | 1 |aFs70-4/2007-020-PDF |
| 110 | 1 |aCanada. |bDepartment of Fisheries and Oceans. |
| 245 | 10|aPre-COSEWIC assessment of silver lamprey (Ichthyomyzon unicuspis) : |h[electronic resource]|bMarch 5, 2007, Canada Centre for Inland Waters, Burlington, ON / |c[by] N.E. Mandrak. |
| 260 | |aBurlington - Ontario : |bFisheries and Oceans Canada |cFebruary 2008. |
| 300 | |a46p.|breferences, tables |
| 490 | 1 |aCanadian Science Advisory Secretariat proceedings series|x1701-1280|v2007/020 |
| 590 | |a11-31-Supp|b2011-12-13 |
| 720 | 1 |aMandrak, N. E. |
| 792 | |tÉvaluation pré-COSEPAC sur la lamproie argentée (Ichthyomyzon unicuspis) : |efre|w(CaOODSP)9.587686 |
| 830 | #0|aProceedings series (Canadian Science Advisory Secretariat)|x1701-1280|v2007/020|w(CaOODSP)9.500507 |
| 856 | 40|ahttp://publications.gc.ca|qPDF|s234 KB|uhttps://publications.gc.ca/collections/collection_2011/mpo-dfo/Fs70-4-2007-020.pdf|y2007/020 |